00498cam a2200157 a 450000100100000000500170001000800410002704000250006808200190009310000300011224500680014226000520021030000260026265000240028865000280031200000105020200929145454.0850624s1935 mdua 001 0 eng  aDO-SdBNPbspacBNPHU a336.132bW187t1 aWall, John Furman,d1885-10aThoroughbred bloodlines :ban elementary study /cJohn F. Wall. aMaryland :bMonumental Printing Company,c1935. a1 v. :bil. ;c24 cm. 4aCrías de caballos 4aCaballos de pura sangre